Cities by clues: Central Europe - Statistics

General Stats
  • This quiz has been taken 25 times
  • The average score is 5 of 20
Answer Stats
Hint Answer % Correct
former Moravian capital, Špilberk Castle, horse-drawn tram, confluence of Svitava and Svratka Brno
68%
World Economic Forum, Spengler Cup, winter sports and a mid-profile tourist skiing town Davos
53%
Roman city of Emona, Dragon is good and a protector, triple bridge Ljubljana
47%
beer type named after, University of West Bohemia, Moorish revival great synagogue Plzeň
42%
along the Rhine, home of a princely family, local football team plays in another country's league Vaduz
37%
European capital of culture 2013, Slovak Ore Mountains, important Jewish city, SPOTs Košice
32%
Trinational Eurodistrict, even has Icelandic name in 12th century chronicle, "world's 1st international railway station" Basel
26%
the clocktower on castle hill, important to Slovenes yet outside Slovenia, controversial Kunsthaus Graz
26%
Casino on fire, famous Deep Purple song (and recording place of), Freddie Mercury statue Montreux
26%
The Black Tower is here, the Green House J.W.v. Goethe frequented, Eger to some Cheb
16%
Wörthersee, Minimundus, Lindworm fountain Klagenfurt
16%
founded by Romans as Sopianæ, UNESCO necropolis, Barbakán tower Pécs
16%
third largest castle in Slovakia, Pohoda music festival, first mentioned as Leukaristos - under current name (more or less) since 1111 Trenčín
16%
two-part name, silver mining town, church decorated with human bones Kutná Hora
11%
Palace Hotel surrounded by special park, hanging gardens, highest waterfall in Hungary, officially a part of Miskolc, famous tourist location Lillafüred
11%
Gutenberg Castle (Burg Gutenberg), East bank of Rhine plus exclaves elsewhere in the tiny country Balzers
5%
Karawanks mountain range, famous lake, health resort, Assumption of Mary on an island Bled
5%
a major traffic junction, the first Alpine town of the year, Drau/Drava river Villach
5%
Ticino river, UNESCO castle or three, "Biscione" in coat of arms Bellinzona
0%
major waterfalls, Imperial Abbey of the Holy Roman Empire, suffered an US Air Force bombing raid due to "navigation error" Schaffhausen
0%
No matching quizzes found
Score Distribution
Percent of People with Each Score
Percentile by Number Answered
Your Score History
You have not taken this quiz